00386nam a2200145 a 450000500170000000800410001702000180005805000210007624500210009726000390011830000070015744000200016465000260018470000300021020140414132134.0131113s19uu xx 00 eng d a9780736429726 aFICbWre944 2012 aWreck -it Ralph. aNew York :bA Golden Book,cc2012. a23 aWreck -it Ralph aMisbehavior-xfiction aadapted by Victoria Saxon